| 000 | 01073cam a2200325 a 4500 | ||
|---|---|---|---|
| 999 |
_c537 _d537 |
||
| 001 | 1980254 | ||
| 003 | GZU | ||
| 005 | 20200904110937.0 | ||
| 008 | 890621s1990 nyu 000 0aeng | ||
| 010 | _a 89015169 | ||
| 020 |
_a009977870X : _c$19.95 |
||
| 040 |
_aDLC _cDLC _dDLC |
||
| 043 | _af-sa--- | ||
| 050 | 0 | 0 |
_aCT1929 MAL _b1990 |
| 100 | 1 |
_aMalan, Rian. _eauthor |
|
| 245 | 1 | 0 |
_aMy traitor's heart : _bblood and bad dreams: a South African explores the madness in his country, his tribe and himself / _cRian Malan. |
| 260 |
_aNew York: _bAtlantic Monthly Press, _cc1990. |
||
| 300 |
_a416p. ; _c24 cm. |
||
| 500 | _a"A Morgan Entrekin book." | ||
| 600 | 1 | 0 | _aMalan, Rian. |
| 600 | 1 | 0 |
_aMalan, Rian _xFamily. |
| 600 | 3 | 0 | _aMalan family. |
| 650 | 0 |
_aHuguenots _zSouth Africa _xBiography. |
|
| 650 | 0 |
_aExiles _zSouth Africa _xBiography. |
|
| 650 | 0 |
_aHuguenots _zSouth Africa _xGenealogy. |
|
| 651 | 0 |
_aSouth Africa _xBiography. |
|
| 906 |
_a7 _bcbc _corignew _d1 _eocip _f19 _gy-gencatlg |
||
| 942 |
_2lcc _cBK _h1929 _iMAL _kCT |
||